000 00792cam a22002294a 4500
001 11992581
005 20260205180132.0
008 000502s2001 mauab b 001 0 eng
020 _a0072423242
_qalk. paper
020 _a9780072423242
_q(alk. paper)
050 0 0 _aHF5548.2
_b.O23 2001
082 0 0 _a658.4/038
_221
100 1 _aO'Brien, James A.,
_d1936-
245 1 0 _aIntroduction to information systems :
_bessentials for the internetworked E-business enterprise /
_cJames A. O'Brien.
250 _a10th ed.
260 _aBoston :
_bMcGraw-Hill/Irwin,
_cc2001.
300 _a1 v. (various pagings) :
_bcol. ill., col. map ;
_c26 cm.
650 0 _aBusiness
_xData processing.
650 0 _aManagement
_xData processing.
650 0 _aManagement information systems.
942 _2lcc
_cBK
_n0
999 _c8662
_d8662